LEADER 00889cam0 2200289 450 001 000003011 005 20090206114559.0 010 $a0-19-829231-7 100 $a20010705d2001----km-y0itay50------ba 101 0 $aeng 102 $aGB 105 $aa-------001yy 200 1 $aEducation and development$emeasuring the social benefits$fWalter W. McMahon 210 $aOxford$cOxford university press$d2001 215 $aX, 299 p.$ctab.$d25 cm 451 0$1001000013508 500 10$aEducation and development$936387 610 1 $aEconomia dell'educazione 610 1 $aEconomia della cultura 610 1 $aEducazione$aAspetti sociali 676 $a338.4737$v19 700 1$aMcMahon,$bWalter W.$0145501 801 0$aIT$bUNIPARTHENOPE$gRICA$2UNIMARC 912 $a000003011 951 $a912/13$b9414$cNAVA2$d20010705 996 $aEducation and development$936387 997 $aUNIPARTHENOPE LEADER 00857nam0-2200313---450- 001 990008792000403321 005 20090115123918.0 010 $a1583911731 035 $a000879200 035 $aFED01000879200 035 $a(Aleph)000879200FED01 035 $a000879200 100 $a20090115d2001----km-y0itaa50------ba 101 1 $aeng 102 $aUS 105 $a--------001yy 200 1 $a<>importance of fathers$fJudth Trowell and Alicia Etchegoyen 210 $aNew York$cBrunner-Routledge$d2001 215 $axvi, 256 p.$d23 cm 676 $a306.84$v19 700 1$aTrowell,$bJudith$0504472 701 1$aEtchegoyen,$bAlicia$0504473 801 0$aIT$bUNINA$gRICA$2UNIMARC 901 $aBK 912 $a990008792000403321 952 $aB 1/73$bs.i.$fDMNUP 959 $aDMNUP 996 $aImportance of fathers$9808249 997 $aUNINA